| 000 | 00645nam a2200253Ia 4500 | ||
|---|---|---|---|
| 003 | OSt | ||
| 005 | 20221006145018.0 | ||
| 006 | a|||||r|||| 00| 0 | ||
| 007 | ta | ||
| 008 | 221006b |||||||| |||| 00| 0 eng d | ||
| 020 | _c22.00 | ||
| 024 | _a13,502 | ||
| 037 | _cTextual | ||
| 040 |
_aEASL _cEASL _beng |
||
| 041 |
_2eng _aeng |
||
| 082 | _aV44Q71.N5, K9 | ||
| 100 | _aBANERJEE D N | ||
| 245 | 0 |
_aEast Pakistan _b Case studyin muslim politics |
|
| 260 |
_aDelhi _bVikas Pub. _c1969 |
||
| 300 |
_a204p. _ccm. |
||
| 490 | _v Oth | ||
| 942 |
_hV44Q71.N5, K9 _cTEXL _2CC |
||
| 999 |
_c1081588 _d1081588 |
||